Flag Map by Austrian State - Statistics

General Stats
  • This quiz has been taken 6 times
  • The average score is 8 of 9
Answer Stats
Picture Answer % Correct
Salzburg
100%
Styria
100%
Tyrol
100%
Vienna
100%
Carinthia
80%
Lower Austria
80%
Upper Austria
80%
Vorarlberg
80%
Burgenland
60%
No matching quizzes found
Score Distribution
Percent of People with Each Score
Percentile by Number Answered
Your Score History
You have not taken this quiz